000 01002nam a2200229Ia 4500
999 _c56381
_d56381
001 23494
003 GE_BSU
005 20260206172523.0
008 181216s1987||||ge |||||||||||||| ||geo||
040 _cGE_BSU
041 _ageo
080 _a94(100)"04/14"(075.8) ტ-56
100 _aტივაძე, გიორგი
_926813
245 _aშუა საუკუნეების ისტორია. ნაწ. 1 /
_cგიორგი ტივაძე.
264 _aთბილისი :
_bთბილ. უნ-ტის გამ-ბა,
_c1987.
300 _a508 გვ. ;
_c21 სმ.
541 _h3ლ.
653 _aისტორია
653 _aშუა საუკუნეების ისტორია -- სახელმძღვანელოები უმაღლესი სასწავლებლებისათვის.
653 _aშუა საუკუნეების ისტორია. ნაწ. 1
942 _cBK
_2udc